| 000 | 05052cam a22011894i 4500 | ||
|---|---|---|---|
| 003 | PE-LiUPU | ||
| 005 | 20250813185441.0 | ||
| 008 | 150623s r 000 0 d | ||
| 020 | _a0829406239 | ||
| 035 | _a(Sirsi) i9780829406238 | ||
| 040 |
_aPE-LiUPU _bspa _cPE-LiUPU _erda |
||
| 049 | _aPRUA | ||
| 082 | 0 | 4 |
_a363.46 _bS31 _221 |
| 100 | 1 |
_aSchwarz, Stephen D., _eautor. |
|
| 245 | 1 | 4 |
_aThe moral question of abortion / _cStephen D. Schwarz. |
| 250 | _b | ||
| 264 | 1 |
_aChicago : _bLoyola University Press, _c1990. |
|
| 300 |
_a289 páginas ; _c23 centímetros |
||
| 336 |
_atext _2rdacontent |
||
| 337 |
_aunmediated _2rdamedia |
||
| 338 |
_avolume _2rdacarrier |
||
| 505 | 0 | _aIs the being in the womb a real child?: Scientific facts - pictures of the child - continuum of human life - four differences between preborn and postborn persons. Is abortion the killing of this bing?. Methods of abortion - abortion a form of infanticide?. Murder? - abortions resulting in live births. Does abortion cause pain to its victim?: Conditions for feeling pain - medical evidence that a child feels pain. On drawing lines: Birth - viability - quickening - sensitivity to pain - sentience - familiar human form - functioning brain - heart beat - implantation - segmentation. The agnostic Position and the gradualist position: The "time frame" problem - the "no difference" argument. When does human life begin?: conception - fertilization as the radical break - no such thing as a "fertilized Egg" - Objections and replies - is the zygote a person?. Is the being in the womb a person?: Being a person vs. functioning as a person - human is not merely a biological category - the notion of potential person - the achievement view the dignity of the human person. The moral question of abortion. A woman's right over her body?: "No duty to sustain" argument - special relation. between woman and her child - "child as intruder argument - the child's right over his body. A complex issue or a horror?: Photographs, the results of abortion - the abortion holocaust - Lack of perception - The example of slavery - a womas's choice - an abortion pill. Abortion in cases of rape, incest, health and life of the woman?: Abortion for rape: Destruction of the child- claim that rape is different - rape abortion, what it really is - the wedge - abortion for rape - an assault on the woman - a "cure" that aggravates the disease - real problem and its solution - appeal to self - defense. Abortion for the sake of the child, or the family, or society?: Every child a wanted child - abortion and child abuse - abortion and the "defective" child. Should the preborn child be given legal protection?: The fundamental argument - Legal abortion is a fur ther evil - practical necessity of making abortion illegal. Obections and replies: Privacy - right over ones's body - legislating morality - imposing moratity - a religious isue - individual conscience - back - alley abortions - discrimination against the poor. Some lega dimensions: Penalties - exceptions - public funding. | |
| 526 | _aP202 | ||
| 526 | _aP201 | ||
| 526 | _aP163 | ||
| 526 | _aP162 | ||
| 526 | _aP161 | ||
| 526 | _aP160 | ||
| 526 | _aP148 | ||
| 526 | _aP147 | ||
| 526 | _aP146 | ||
| 526 | _aP145 | ||
| 526 | _aP144 | ||
| 526 | _aP143 | ||
| 526 | _aP142 | ||
| 526 | _aP141 | ||
| 526 | _aP140 | ||
| 526 | _aP139 | ||
| 526 | _aP138 | ||
| 526 | _aP137 | ||
| 526 | _aP136 | ||
| 526 | _aP135 | ||
| 526 | _aP134 | ||
| 526 | _aP133 | ||
| 526 | _aP129 | ||
| 526 | _aP128 | ||
| 526 | _aP127 | ||
| 526 | _aP120 | ||
| 526 | _aP119 | ||
| 526 | _aP118 | ||
| 526 | _aP116 | ||
| 526 | _aP115 | ||
| 526 | _aP114 | ||
| 526 | _aP110 | ||
| 526 | _aP109 | ||
| 526 | _aP108 | ||
| 526 | _aP104 | ||
| 526 | _aP103 | ||
| 526 | _aP102 | ||
| 526 | _aP99 | ||
| 526 | _aP98 | ||
| 526 | _aP97 | ||
| 526 | _aP96 | ||
| 526 | _aP95 | ||
| 526 | _aP93 | ||
| 526 | _aP90 | ||
| 526 | _aP89 | ||
| 526 | _aP88 | ||
| 526 | _aP83 | ||
| 526 | _aP82 | ||
| 526 | _aP62 | ||
| 526 | _aP59 | ||
| 526 | _aP58 | ||
| 526 | _aP57 | ||
| 526 | _aP51 | ||
| 526 | _aP49 | ||
| 526 | _aP48 | ||
| 526 | _aP47 | ||
| 526 | _aP29 | ||
| 526 | _aP24 | ||
| 526 | _aP20 | ||
| 526 | _aP19 | ||
| 526 | _aP17 | ||
| 526 | _aP15 | ||
| 526 | _aP14 | ||
| 526 | _aP12 | ||
| 526 | _aP10 | ||
| 526 | _aP09 | ||
| 526 | _aP08 | ||
| 526 | _aP07 | ||
| 526 | _aP06 | ||
| 526 | _aP05 | ||
| 526 | _aP04 | ||
| 526 | _aP01 | ||
| 650 | 0 | 4 |
_aAborto _xAspectos morales y éticos. |
| 942 |
_2ddc _cBOOK |
||
| 949 |
_a363.46 S31 _wDEWEY _c1 _i51067 _lCCODEBUL1 _mBUL _p15.00 _r0 _sY _tBOOK _u2015-6-24 _xTEOLOGIA _PP35 _0COMPRA _o.STAFF. Colección General |
||
| 994 |
_aC0 _bPEPRU |
||
| 596 | _a1 | ||
| 999 |
_a363.46 S31 _wDEWEY _c32757 _i51067 _f2021-11-12 _g6 _lCCODEBUL1 _mBUL _p15.00 _r0 _sY _tBOOK _u2015-6-24 _xTEOLOGIA _PP35 _0COMPRA _o.STAFF. Colección General _d32757 |
||
| 980 |
_81 _gALBERTO SANCHEZ Responsable de Automatización |
||